Building regulations (Record no. 78629)

MARC details
000 -LEADER
fixed length control field 01024cab a22002055a 4500
001 - CONTROL NUMBER
control field L137485
008 - FIXED-LENGTH DATA ELEMENTS--GENERAL INFORMATION
fixed length control field 070411s2007 xxk f 000 0 eng d
035 ## - SYSTEM CONTROL NUMBER
System control number (Sirsi) u137485
041 0# - LANGUAGE CODE
Language code of text/sound track or separate title eng
100 1# - MAIN ENTRY--PERSONAL NAME
Personal name Lewis, Maggie
245 00 - TITLE STATEMENT
Title Building regulations
Remainder of title a brief guide for property managers
260 ## - PUBLICATION, DISTRIBUTION, ETC.
Date of publication, distribution, etc. 2007
490 #0 - SERIES STATEMENT
Series statement Letting Update Journal
Volume/sequential designation 15(1) April 2007, 26-27(2)
520 ## - SUMMARY, ETC.
Summary, etc. Discusses how the repair, maintenance and refurbishment of property needs to be compliant with the Building Regulations in areas such as health and safety and energy conservation and considers how this impacts on the property?s managers. Describes how the regulations apply to material alterations, windows, electrical wiring and components, plumbing fittings, conservation of fuel and power, boilers and fuel burning appliances and hot water cylinders.
590 ## - LOCAL NOTE (RLIN)
Local note KA
650 24 - SUBJECT ADDED ENTRY--TOPICAL TERM
Topical term or geographic name entry element BUILDING REGULATIONS
9 (RLIN) 6224
651 #4 - SUBJECT ADDED ENTRY--GEOGRAPHIC NAME
Geographic name England and Wales
Chronological subdivision 1543-
690 ## - LOCAL SUBJECT ADDED ENTRY--TOPICAL TERM (OCLC, RLIN)
Topical term or geographic name as entry element PROPERTY-PROPERTY MANAGEMENT-MANAGING AGENTS
942 ## - ADDED ENTRY ELEMENTS (KOHA)
Suppress in OPAC 0
Holdings
Withdrawn status Lost status Source of classification or shelving scheme Damaged status Not for loan Home library Current library Shelving location Date acquired Total Checkouts Full call number Barcode Date last seen Copy number Price effective from Koha item type
    Dewey Decimal Classification     London London Journal article 11/04/2007   L137485 137485-1001 06/08/2019 1 06/08/2019 Journal article